LEADER 01057nam a2200253 a 4500 001 991001960409707536 008 130220s2012 it 000 0 ita d 020 $a9788834837559 035 $ab14098702-39ule_inst 040 $aDip.to di Storia, Società e Studi sull'Uomo - Sez. Scienze Sociali Com.$bita 082 $a344.450171 100 1 $aColavitti, Giuseppe$0478102 245 13$aLa libertà professionale tra Costituzione e mercato /$cGiuseppe Colavitti 260 $aTorino :$bGiappichelli, $c2012 300 $axviii, 253 p. ; $c24 cm 440 0$aPubblicazioni dell'ufficio studi del Consiglio Nazionale Forense. Professione e diritto 650 4$aAssociazioni professionali 650 4$aDiritto del lavoro 907 $a.b14098702$b02-04-14$c20-02-13 912 $a991001960409707536 945 $aLE021DIR1A51$g1$i2021000164620$lle021$o-$pE30.00$q-$rl$s- $t0$u1$v1$w1$x0$y.i15489929$z12-03-13 996 $aLibertà professionale tra Costituzione e mercato$9265344 997 $aUNISALENTO 998 $ale021$b20-02-13$cm$da $e-$fita$git $h3$i0 LEADER 01044nam a22002531i 4500 001 991002470439707536 005 20030709104038.0 008 030925s1970 it |||||||||||||||||ita 035 $ab12293453-39ule_inst 035 $aARCHE-034102$9ExL 040 $aBiblioteca Interfacoltà$bita$cA.t.i. Arché s.c.r.l. Pandora Sicilia s.r.l. 082 04$a341.2 100 1 $aScelba, Mario$0253615 245 13$aLa Comunità europea ed i suoi sviluppi istituzionali :$bdiscorso pronunciato a Firenze il 26 aprile 1970 /$cdell'on. Mario Scelba 260 $a[S.l.] :$b[s.n.],$c[1970?] 300 $a16 p. ;$c24 cm 500 $aIn testa al front.: Parlamento europeo 650 4$aComunità economica europea 907 $a.b12293453$b02-04-14$c08-10-03 912 $a991002470439707536 945 $aLE002 Busta B 6/19$g1$i2002000768353$lle002$o-$pE0.00$q-$rl$s- $t0$u0$v0$w0$x0$y.i12687613$z08-10-03 996 $aComunità europea ed i suoi sviluppi istituzionali$9163890 997 $aUNISALENTO 998 $ale002$b08-10-03$cm$da $e-$fita$git $h3$i1